000 00182nam a2200097Ia 4500
100 _a#N/A
942 _cBK
245 _aEmbedded Real -Time Systems
260 _b#N/A
082 _b22588
999 _c27014
_d27014